000
00235 a2200109 4500
003
Nust
005
20170207154222.0
040
_c
Nust
082
_a
371.33
245
_a
Basic MR Pt III (VHS-507)
440
_a
Basic MR Pt III (VHS-507)
538
_a
Duration 100-Mins
999
_c
195364
_d
195364